=LDR 00000nam 2200000 4500 =001 000537 =005 20250711121330 =035 ##$$a 0010-0725000405 =007 ta =008 250711################a##########0#ind## =020 ##$$a 978-623-118-798-7 =082 ##$$a 398.209 598 =084 ##$$a 398.209 598 RID a =100 #$$a Iwok Abqary =245 1#$$a Ayo, Berayun, Momo! /$c Iwok Abqary =250 ##$$a Cetakan Pertama =260 ##$$a Rawamangun :$b Badan Pengembangan dan Pembinaan Bahasa,$c 2023 =300 ##$$a 24 hlm. : $b Ilus. ; $c 21x29,7 cm. =856 ##$$a TBM AS SUHADA =990 ##$$a TBM02980298